000 00830nam a2200301 a 4500
003 AR-BaBNM
005 20251128210312.0
008 082120s2002 ||||||||||||||000 | spa||
020 _a968-444-229-7
040 _cAR-BaBNM
100 1 _aSatué, Manuel
245 0 0 _a¿Qué sabes de ética?
250 _a1ª ed.
260 _aMéxico, D.F.
_bAddison Wesley Longman
_c1996
300 _a147 p.
_bil., tablas
490 0 _aBiblioteca de recursos didácticos BREDA
_vv. 17
500 _aContiene glosario p. 146-147
650 4 _aETICA
650 4 _aENSEÑANZA DE LA FILOSOFIA
650 4 _aMORAL
650 4 _aTECNICAS DIDACTICAS
650 4 _aACTIVIDADES DE APRENDIZAJE
653 _aEDUCACION EN VALORES
700 1 _aBria, Llátzer
800 1 _aBria, Llátzer
_edirector
942 _cBK
998 _cRaquel
999 _c14862
_d14862